000
00287nam a22001337a 4500
008
170210b xxu||||| |||| 00| 0 eng d
020
_a
9780716722823
041
_a
eng
080
_2
2ND
_a
61
100
_a
4
101
_a
SHM
245
_a
RECOMBINANT DNA
_c
WATSON, J.D
942
_2
udc
_c
BK
999
_c
5099
_d
5099